Statistics for Stampy

Click here to take the quiz!

General Stats

  • This quiz has been taken 24 times
  • The average score is 4 of 5

Answer Stats

HintAnswer% Correct
what is the main game that he playsmine craft
100%
who is his best friend 'youtube name'squid
86%
what console does he play onxbox 360
86%
what is his real nameJoseph Garrett
43%
who is his girl friendsqaishey
43%

Score Distribution

Percentile by Number Answered

Percent of People with Each Score

Your Score History

You have not taken this quiz